Fai della vita la tua più bella impresa /
Guardat en:
| Autor principal: | |
|---|---|
| Format: | Llibre |
| Idioma: | italià |
| Publicat: |
Patti :
Kimerik,
2010
|
| Etiquetes: |
Sense etiquetes, Sigues el primer a etiquetar aquest registre!
|
MARC
| LEADER | 00000nam a22000007i 4500 | ||
|---|---|---|---|
| 001 | IT\ICCU\PAL\0228323 | ||
| 003 | ItRI | ||
| 005 | 20240305174322.0 | ||
| 008 | 100608s2010 it |||||| ||||| |||||c | ||
| 020 | |a 9788860963772 | ||
| 040 | |b ita |c GP | ||
| 041 | 7 | |a ita |2 ISO-639-2 | |
| 100 | 1 | |a Attorre, Francesco |0 IT\ICCU\PALV\059775 |4 aut | |
| 245 | 1 | 0 | |a Fai della vita la tua più bella impresa / |c Francesco Attorre. |
| 260 | |a Patti : |b Kimerik, |c 2010 | ||
| 300 | |a 667 p. : |b ill. ; |c 21 cm | ||
| 942 | |2 ddc |c BK | ||
| 952 | |0 0 |1 0 |2 ddc |4 0 |6 158_100000000000000_ATT |7 1 |9 844 |a RM |b RM |d 2024-03-05 |l 0 |o 158.1 ATT |p 383 |r 2024-03-05 17:43:55 |w 2024-03-05 |y BK | ||
| 981 | 1 | |6 z01 |a i |b xxxe | |
| 982 | 1 | |6 z01 |a n | |
| 999 | |c 802 |d 802 | ||